000 01817cam a22004214i 4500
003 PE-LiUPU
005 20250731173248.0
008 150625s r 000 0 d
035 _a(Sirsi) a35494
040 _aPE-LiUPU
_bspa
_cPE-LiUPU
_erda
082 0 4 _a231.1
_bB23
_221
100 1 _aBarbaglio, Giuseppe,
_eautor.
245 1 0 _aDios ¿Violento? /
_cG. Barbaglio.
264 1 _aEspaña :
_bVerbo Divino,
_c1992.
300 _a278 páginas ;
_c22 cm.
336 _atext
_2rdacontent
337 _aunmediated
_2rdamedia
338 _avolume
_2rdacarrier
505 0 _aEl problema teológico de la violencia. -Condenación divina de la violencia humana. -Liberador y salvador violento. -Las guerras del Señor. -El juicio de Dios. -Invocación de la venganza divina. -Formas esteriotipadas e innovadoras en la experiencia religiosa del pueblo de los profetas. -La vivencia de Jesús: símbolo religioso y código ético. -La imagen de Dios rey prsente en Jesús. -El fuego de la gehenna. -Vosotros lo matasteis, pero Dios lo resucitó. -Imparcialidad de Dios: La teología de Pablo. -Dios es amor: La meditación de Juan.
526 _aSEG42
526 _aSEG41
526 _aSEG40
526 _aSEG39
526 _aP94
526 _aP87
526 _aP86
526 _aP85
526 _aP77
526 _aP76
526 _aP35
650 0 4 _aViolencia
_xTEOLOGIA.
910 _a
942 _2ddc
_cBOOK
949 _a231.1 B23
_wDEWEY
_c1
_i37526
_lCCODEBUL1
_mBUL
_p00.00
_r0
_sY
_tBOOK
_u2015-06-25
_xBIBLIOTECA
_zUNKNOWN
_0COMPRA
_o.STAFF. Colección General
596 _a1
999 _a231.1 B23
_wDEWEY
_c43464
_i37526
_f2021-11-11
_g6
_lCCODEBUL1
_mBUL
_r0
_sY
_tBOOK
_u2015-6-25
_xTEOLOGIA
_zUNKNOWN
_0COMPRA
_o.STAFF. Colección General
_d43464
980 _81
_gALBERTO SANCHEZ Responsable de Automatización